MDQL
is popping MORE tags! Check the
thread
!
Quizzes
Events
Quiz Creation
Community
Videos
Private Events
Remove Ads
Sign In
Join for FREE
Feedback
Dark Mode
Quiz Categories
Sports
Geography
Music
Movies
Television
Just For Fun
Miscellaneous
History
Literature
Language
Science
Gaming
Entertainment
Religion
Holiday
For Kids
Quiz Lab
Recent
Popular Today
Quiz Kudos Today
Editor Picks
Curator Picks
Quizzes by...
Day
Popularity
Type
Ratings
Length
Year
Community
Subscriptions
Recent Discussions
Orange Saloon
Badges
Playlists
Quests
Create
Leaderboards
Showdown
Live 5
Trivia Bingo
Activity
Puzzle Library
Sporcle Events
Private Events
Virtual Trivia
Globe League
Become a Host
Pub Owners
SporcleCon
Opinionation
Our Games
Videos
Blog
Mobile Apps
Partnerships
Remove Ads and Go Orange
Feedback
Science
Computer
Plants
Astronomy
Chemistry
Elements
Math
Animal
Physics
Anatomy
Biology
Geology
General Science
Science
Computer
Plants
Astronomy
Chemistry
Elements
Math
Animal
Physics
Anatomy
Biology
Geology
General Science
Random Quiz
Search Sporcle
×
Quiz Lab
Quiz Lab
Science
Shoulder
Type in answers that appear in a list
Type in answers that appear in a list
Classic
Best Score? Go Orange.
Superficial Neck/Shoulder Cat Muscles Stats
Can you name the Superficial Neck/Shoulder Cat Muscles
By
lilhuttner
10m
13 Questions
82 Plays
82 Plays
82 Plays
Comments
Comments
Give Quiz Kudos
Give Quiz Kudos
-
- Ratings
hide this ad
Random Order
Randomize order of answers
Randomize order of answers
Replay
Link that replays current quiz
Next Quiz
Link to next quiz in quiz playlist
You Got
0%
They Got
Avg Score
65%
Avg Friend Score
Upgrade to see
Score Distribution
Jump to the score distribution portion of the page
Score
0/13
Timer
10:00
0
Plays Today
Hint
Answer
% Correct
2
Latissimus Dorsi
82.9%
1
Spinotrapezius
74.4%
18
Acromiodeltoid
74.4%
6
Clavotrapezius
73.2%
12
Masseter
70.7%
4
Spinodeltoid
69.5%
3
Acromiotrapezius
67.1%
17
Clavobrachialis
67.1%
7
Sternomastoid
63.4%
10
Temporalis
54.9%
5
Levator Scapulae Ventralis
53.7%
19
Lateral Head of Triceps Brachii
51.2%
20
Long Head of Triceps Brachii
51.2%
Quiz Playlist
Details
Report
Send in Message
Add To Playlist
Classic:
Type in answers that appear in a list
Random Order:
Randomize order of answers
Last Updated: Feb 16, 2017
Quiz Scoreboard
CHALLENGE
Sign Up to Join the Scoreboard
Show All
Scores
Hide
Comments
May contain spoilers
Recently Published
Image Sorting: Flags VI
by Barbecue
Geography
2m
Find the 'City' Movie
by crazypaving
Movies
60s
Colored Red Africa Blitz
by spor1
Geography
45s
More to Explore
Quiz From the Vault
Featured Blog Post
14 Easter Pick-up Lines to Find Eggs With
hide this ad
You Might Also Like...
Tags
cat
muscle
neck
Shoulder
Today's Top Quizzes in Science
Browse Science
hide this ad
Top Contributed Quizzes in Science
1
Windmill: Elements
2
200 Vogels in Nederland
3
Square Numbers Scrambled (1-50)
4
Count to 60
5
Glycolysis
6
Elements In Images
7
17 TIMES TABLE
8
4-letter Elementary Words III
9
The First 100 Digits of Pi
10
Astronomy Spelling Bee
Explore More
Trending Topics
Marvel
Disney
Crossword
Harry Potter
Anime
NBA
Kpop
Song
NFL
The Office
Country
WWE
Pokémon
Soccer
Puzzle
hide this ad
More By:
lilhuttner
Quiz
Plays
Rating
Category
Featured
Created
KNH 244: Bones of the Humerus
414
Science
Sep 23, 2014
KNH244 Bones: Right Scapula
340
5.00
Science
Sep 18, 2014
KNH244: Cervical Vertebrae
299
Science
Oct 11, 2014
KNH244 Bones: Hands and Wrist
257
Science
Sep 18, 2014
KNH244: Thoracic Vertebrae
233
Science
Oct 11, 2014
Go to Creator's Profile
Score Distribution
Quiz Creator Spotlight
lilhuttner
Follow
Send a Message
Quizzes Created
-
Created Quiz Play Count
-
More By This Creator
Popular Quizzes Today
1
Colored Red Africa Blitz
2
Find the US States - No Outlines Minefield
3
Find the 'City' Movie
4
5x2 Blitz: Bands
5
The Countries of the World
6
Find the US States
7
Find the Countries of Europe - No Outlines Minefield
8
US States
More Science Quizzes
Find the Mantis Animals
Published
Trending Quizzes
Colored Red Europe Blitz I
Colored Red Europe Blitz II
Colored Red Africa Blitz II
Colored Red Europe Blitz III
Colored Red Africa Blitz III
Recently Updated
How Do You Spell That?
pecheneg
Godzilla Movies
pecheneg
Grab Bag: 4-10 Letters
pecheneg
2024 March Madness Bracket
pecheneg
Famous TV Couples
Peacemaker
Champions League XIs: Real Madrid
pecheneg
Largest US Cities 1790-2010
pecheneg
Rides in Walt Disney World
pecheneg
Most Oscar Losses (Acting)
pecheneg
Beyoncé Albums
pecheneg
Trending Topics
Kpop
Disney
Crossword
Marvel
Harry Potter
NBA
Anime
Country
Pokémon
WWE
Song
Puzzle
Soccer
NFL
The Office
Your Account Isn't Verified!
In order to create a playlist on Sporcle, you need to verify the email address you used during registration. Go to your
Sporcle Settings
to finish the process.
Report this User
Report this user for behavior that violates our
Community Guidelines
.
Details:
Send Report
Go to the Sporcle.com Mobile Site →
Comments